|
|
|
|
| LEADER |
00000nab a2200000 a 4500 |
| 001 |
vtls000795377 |
| 003 |
SK-MaSNL |
| 005 |
20260304104325.0 |
| 008 |
250429c2002 xo 0 slo |
| 015 |
|
|
|a SNBRB2002/05-17307
|
| 035 |
|
|
|a CLN000147032
|
| 035 |
|
|
|a urn:nbn:sk:snk-abnwo
|
| 035 |
|
|
|a (urnnbn)urn:nbn:sk:snk:ar-a04el2
|
| 035 |
|
|
|a (uuid)8d4c6d69-bd18-4d14-9623-c1f76ebbf9b6
|
| 040 |
|
|
|a SNKBUCL
|b slo
|c SNKBUCL
|e AACR2
|
| 041 |
0 |
|
|a slo
|
| 044 |
|
|
|a xo
|c SK
|
| 080 |
|
|
|a 631.52:061.5(437.6)
|2 1997
|
| 100 |
1 |
|
|a Perháčová, K.
|4 ain
|9 1404164
|
| 245 |
1 |
0 |
|a Ing. Gyula Zalabai, PhD. ...
|c za rozhovor poďakovala K. Perháčová
|
| 300 |
|
|
|b Fotogr.
|
| 610 |
|
7 |
|a Istropol Solary (Horné Mýto, Slovensko)
|2 snkbucl
|9 1111039
|
| 650 |
0 |
7 |
|a šľachtenie rastlín
|2 snkbucl
|9 3635
|
| 650 |
0 |
7 |
|a šľachtenie
|x rastliny
|2 snkbucl
|9 1404165
|
| 655 |
|
7 |
|a články z novín a časopisov
|2 snkbucl
|9 267496
|
| 700 |
1 |
|
|a Zalabai, Gyula
|4 aut
|9 12723
|
| 773 |
0 |
|
|t Naše pole
|g Roč. 6, č. 4 (2002), s. 11
|x 1335-2466
|
| 850 |
|
|
|a Slovenská národná knižnica
|
| 852 |
|
|
|a Slovenská národná knižnica
|
| 954 |
|
|
|a odborná, vedecká literatúra pôvodná (slovenská)
|2 lita
|
| 957 |
|
|
|a 201
|
| 958 |
|
|
|a article27
|
| 958 |
|
|
|a SK
|
| 958 |
|
|
|a OND
|
| 958 |
|
|
|a EUIPO
|
| 992 |
|
|
|a RBX
|
| 999 |
|
|
|c 2851355
|d 2853285
|